| 000 | 00521pab a2200193 454500 | ||
|---|---|---|---|
| 008 | 180718b2012 xxu||||| |||| 00| 0 eng d | ||
| 100 | _aSnehalatha, M. | ||
| 245 | _aSanitation costs and services in selected villages of Andhra Pradesh | ||
| 260 | _c2012 | ||
| 300 | _ap.503-524. | ||
| 362 | _aOct | ||
| 650 | _aSanitation - India - Andhra Pradesh | ||
| 650 | _aSanitation | ||
| 700 | _aJayakumar, N. | ||
| 700 | _aReddy, V. Ratna | ||
| 773 | _aIndian Journal of Social Work | ||
| 908 | _aN | ||
| 909 | _a101191 | ||
| 999 |
_c101190 _d101190 |
||